Stati per popolazione - Eurasia - Statistics

Statistiche generali
  • Questo quiz è stato fatto 19 volte
  • Il punteggio medio è 8 su 10
Statistiche sulle risposte
Popolazione (ab.) Nazione % Corretto
1 370 793 000 Cina
100%
126 891 000 Giappone
94%
1 200 499 000 India
94%
201 785 000 Pakistan
94%
144 031 000 Russia
94%
255 462 000 Indonesia
88%
82 800 000 Germania
81%
458 762 000 Bangladesh
69%
102 965 000 Filippine
50%
91 812 000 Vietnam
44%
Nessun quiz corrispondente trovato
Distribuzione punteggi
Percentuale di utenti per punteggio
Percentile per numero di risposta
I tuoi punteggi nel tempo
Non hai fatto questo quiz